[Event "Russian Juniors 2012"]
[Site "Sochi RUS"]
[Date "2012.04.21"]
[Round "5"]
[White "Stukopin,A"]
[Black "Chekhov,S"]
[Result "1-0"]
[WhiteElo "2485"]
[BlackElo "2443"]

1.e4 c5 2.Nf3 e6 3.d4 cxd4 4.Nxd4 a6 5.Bd3 Nf6 6.O-O Qc7 7.Qe2 d6 8.c4 g6
9.Nc3 Bg7 10.Be3 O-O 11.Rac1 Nbd7 12.f3 b6 13.Qf2 Bb7 14.b4 Rab8 15.Rfd1 Ne5
16.Be2 Qe7 17.Nb3 Ba8 18.Bxb6 Bh6 19.Rb1 Nh5 20.c5 Bf4 21.g3 Qg5 22.Qg2 Be3+
23.Kh1 Qh6 24.Bc7 f5 25.Bxb8 fxe4 26.fxe4 Rf2 27.Qh3 Rxe2 28.Rxd6 Nxg3+ 29.Qxg3 Bf4
30.Rd8+ Kf7 31.Rd7+ Ke8 32.Rxh7 Rxe4 33.Nxe4 Bxe4+ 34.Kg1 Qxh7 35.Qxf4 Qh3
36.Qxe4  1-0

[Event "Grand Congress Open"]
[Site "Bournemouth ENG"]
[Date "2012.04.22"]
[Round "4.23"]
[White "Brookfield,T"]
[Black "Cutmore,M"]
[Result "1/2-1/2"]
[WhiteElo "1830"]
[BlackElo "2044"]

1.e4 c5 2.Nf3 e6 3.d4 cxd4 4.Nxd4 a6 5.Bd3 Bc5 6.Nb3 Be7 7.Nc3 d6 8.Be3 Nf6
9.h3 Nbd7 10.O-O b5 11.a3 Bb7 12.Qe2 O-O 13.Rad1 Qc7 14.f4 Rfe8 15.Qf2 Bf8
16.Qh4 e5 17.f5 Be7 18.Qf2 Nc5 19.Nd2 Rad8 20.g4 h6 21.g5 hxg5 22.Bxg5 d5
23.Bxf6 Nxd3 24.Qg3 Bxf6 25.cxd3 d4 26.Nd5 Bxd5 27.exd5 Rxd5 28.Ne4 Qb6 29.Rc1 Kf8
30.Rc2 Bd8 31.Rfc1 Qh6 32.Rc6 Qe3+ 33.Kf1 Qf4+ 34.Ke2 Qxf5 35.Rxa6 Qh5+ 36.Qg4 Qxg4+  1/2-1/2

[Event "TCh-CZE Extraliga 2011-12"]
[Site "Czech Republic CZE"]
[Date "2012.04.22"]
[Round "11.8"]
[White "Vorisek,J"]
[Black "Krcal,M"]
[Result "1-0"]
[WhiteElo "2238"]
[BlackElo "2130"]

1.e4 c5 2.Nf3 e6 3.d4 cxd4 4.Nxd4 a6 5.Bd3 Ne7 6.Nc3 Nbc6 7.Nb3 Ng6 8.O-O Be7
9.a4 O-O 10.f4 d6 11.Be3 Bf6 12.a5 Qe7 13.Na4 Qc7 14.Nb6 Rb8 15.c3 Re8 16.Qf3 Bd7
17.Rad1 Nf8 18.Rd2 Be7 19.g4 Rbd8 20.g5 Ng6 21.Qg3 Bf8 22.h4 Nge7 23.h5 d5
24.e5 Nc8 25.Nxc8 Rxc8 26.Bb6 Qb8 27.g6 fxg6 28.hxg6 h6 29.Be2 Be7 30.Bg4 Bd8
31.Rxd5 exd5 32.Bxd7 Rf8 33.Qd3 Bxb6+ 34.axb6 Rcd8 35.Qxd5+ Kh8 36.Nc5 Ne7
37.Qe4 Nc8 38.Ne6 Rxd7 39.Nxf8 Rd2 40.Qb4  1-0

[Event "Russian Juniors 2012"]
[Site "Sochi RUS"]
[Date "2012.04.26"]
[Round "9"]
[White "Predke,A"]
[Black "Chekhov,S"]
[Result "1-0"]
[WhiteElo "2461"]
[BlackElo "2443"]

1.e4 c5 2.Nf3 e6 3.d4 cxd4 4.Nxd4 a6 5.Bd3 Nf6 6.O-O Qc7 7.Qe2 d6 8.c4 Nbd7
9.Nc3 Ne5 10.Kh1 Bd7 11.Bd2 Be7 12.f4 Nxd3 13.Qxd3 O-O 14.b3 Rad8 15.Rae1 Bc8
16.f5 Bd7 17.Bg5 Qc5 18.Rd1 Rc8 19.Qh3 b5 20.e5 Qxe5 21.Rfe1 Qc5 22.Bxf6 Bxf6
23.Ne4 Qe5 24.Ng5 Qxe1+ 25.Rxe1 Bxg5 26.cxb5 axb5 27.fxe6 fxe6 28.Qd3 Rc5
29.Nxe6 Re8 30.h4 Bxh4 31.Nxc5 Rxe1+ 32.Kh2 dxc5 33.Qxd7 b4 34.Qd5+ Kf8 35.Qxc5+ Re7
36.Qxb4 Bf6 37.a4 Kf7 38.Qc4+ Kg6 39.a5 Kg5 40.a6 Re1 41.g3  1-0

[Event "3rd LUC Open"]
[Site "Lille FRA"]
[Date "2012.04.27"]
[Round "6.2"]
[White "Vaibhav,S"]
[Black "Korneev,O"]
[Result "1-0"]
[WhiteElo "2494"]
[BlackElo "2597"]

1.e4 c5 2.Nf3 e6 3.d4 cxd4 4.Nxd4 a6 5.Bd3 Bc5 6.Nb3 Be7 7.Qg4 g6 8.Qe2 d6
9.Nc3 Nd7 10.Bd2 Ne5 11.O-O-O b5 12.a3 Rb8 13.h4 h5 14.f4 Nxd3+ 15.Qxd3 Nf6
16.f5 exf5 17.Nd4 fxe4 18.Nxe4 Nxe4 19.Qxe4 Bb7 20.Nc6 Rc8 21.Qd4 Rxc6 22.Qxh8+ Kd7
23.Qg7 Qf8 24.Qxf8 Bxf8 25.Rdf1  1-0

[Event "ch-SRB 2012"]
[Site "Vrnjacka Banja SRB"]
[Date "2012.04.27"]
[Round "5"]
[White "Perunovic,Mil"]
[Black "Miladinovic,I"]
[Result "1/2-1/2"]
[WhiteElo "2582"]
[BlackElo "2555"]

1.e4 c5 2.Nf3 e6 3.d4 cxd4 4.Nxd4 a6 5.Bd3 Bc5 6.Nb3 Ba7 7.Qe2 Nc6 8.Be3 d6
9.Nc3 b5 10.Bxa7 Rxa7 11.O-O-O Nge7 12.f4 Qb6 13.Rhf1 Rc7 14.Qg4 O-O 15.Rf3 f5
16.exf5 exf5 17.Qh4 Nb4 18.a3 Nbd5 19.Nxd5 Nxd5 20.Qf2 Ne3 21.Re1 Ng4 22.Qh4 b4
23.Rd1  1/2-1/2

[Event "Norsk Sjakkfestival"]
[Site "Fagernes NOR"]
[Date "2012.04.28"]
[Round "1"]
[White "Narciso Dublan,M"]
[Black "Grundekjon,Christian"]
[Result "1-0"]
[WhiteElo "2534"]
[BlackElo "2003"]

1.e4 c5 2.Nf3 e6 3.d4 cxd4 4.Nxd4 a6 5.Bd3 Qc7 6.O-O Nf6 7.Qe2 Nc6 8.Nxc6 dxc6
9.e5 Nd7 10.Bf4 b5 11.Nd2 Nc5 12.Ne4 Nxd3 13.Qxd3 Bb7 14.a4 Rd8 15.Qg3 c5
16.Nd6+ Rxd6 17.exd6 Qc6 18.axb5 axb5 19.Ra7 f6 20.Re1 g5 21.Qh3 Kf7 22.Qxe6+ Kg7
23.Rxb7+ Qxb7 24.d7 Qa8  1-0

[Event "Nakhchivan Open 2012"]
[Site "Nakhchivan AZE"]
[Date "2012.04.29"]
[Round "2.7"]
[White "Guliev,L"]
[Black "Mamedov,Rau"]
[Result "1/2-1/2"]
[WhiteElo "2409"]
[BlackElo "2624"]

1.e4 c5 2.Nf3 e6 3.d4 cxd4 4.Nxd4 a6 5.Bd3 Qc7 6.O-O Nf6 7.Qe2 e5 8.Nf5 d6
9.Bg5 Bxf5 10.exf5 Nbd7 11.c4 Be7 12.Nc3 O-O 13.Be4 Rab8 14.Rac1 Rfc8 15.b3 Bd8
16.Rfd1 Nxe4 17.Nxe4 Bxg5 18.Nxg5 Nf6 19.Ne4  1/2-1/2

[Event "Norsk Sjakkfestival"]
[Site "Fagernes NOR"]
[Date "2012.05.01"]
[Round "5"]
[White "Kasparov,S"]
[Black "Miezis,N"]
[Result "0-1"]
[WhiteElo "2503"]
[BlackElo "2557"]

1.e4 c5 2.Nf3 e6 3.d4 cxd4 4.Nxd4 a6 5.Bd3 Nc6 6.Nxc6 dxc6 7.Nd2 Qc7 8.O-O Bd6
9.h3 b5 10.a4 Rb8 11.Qg4 Kf8 12.axb5 cxb5 13.Nf3 e5 14.Qg3 h6 15.Bd2 Nf6
16.Nh4 g6 17.Rfc1 Qe7 18.c4 g5 19.cxb5 gxh4 20.Qxh4 Nd7 21.Bxh6+ Ke8 22.Qxe7+ Kxe7
23.bxa6 Rxh6 24.a7 Ra8 25.Rxc8 Rxc8 26.a8=Q Rxa8 27.Rxa8 Bc5 28.Ra6 Bb6 29.Kf1 Nc5
30.Ra3 Rd6 31.Ke2 Rd4 32.f3 Rb4 33.Rc3 Rxb2+ 34.Rc2 Nxd3 35.Kxd3 Rxc2 36.Kxc2 Bf2
37.Kd3 Kf6 38.Kc4 Kg5 39.Kd5 Kf4 40.Kd6 Bh4 41.Kd5 Bf6 42.g4 Be7  0-1

[Event "Ostravsky Konik A"]
[Site "Ostrava CZE"]
[Date "2012.05.04"]
[Round "7.7"]
[White "Weichhold,P"]
[Black "Michenka,J"]
[Result "0-1"]
[WhiteElo "2326"]
[BlackElo "2353"]

1.e4 c5 2.Nf3 e6 3.d4 cxd4 4.Nxd4 a6 5.Bd3 Nf6 6.O-O Qc7 7.Nc3 Bc5 8.Nb3 Ba7
9.Qe2 Nc6 10.a4 O-O 11.Kh1 d5 12.Bg5 Nxe4 13.Nxe4 dxe4 14.Qxe4 f5 15.Qe2 e5
16.Bc4+ Kh8 17.Bd2 Bd7 18.f4 Rae8 19.Qh5 Ne7 20.Be2 Nd5 21.fxe5 Qxc2 22.Rf3 Rxe5
23.Rc1 Qxb2 24.Bc4 Nf6 25.Qh4 Re4 26.Qg3 Bb8 27.Qf2 Qe5 28.Qg1 Rh4 29.h3 Bc6
30.Re3 Ne4 31.Be1 Rh6 32.Nd2 Ba7 33.Nxe4 Bxe3 34.Qxe3 Qxe4 35.Qf2 Rxh3+ 36.Kg1 Rh6
37.Bc3 Rg6 38.Bf1 Qxa4 39.Qc5 Re8 40.Re1 Be4 41.Re3 Qc6 42.Qd4 Rc8  0-1

[Event "Nakhchivan Open 2012"]
[Site "Nakhchivan AZE"]
[Date "2012.05.05"]
[Round "8.9"]
[White "Rasulov,Vu"]
[Black "Heydarli,K"]
[Result "1/2-1/2"]
[WhiteElo "2526"]
[BlackElo "2329"]

1.e4 c5 2.Nf3 e6 3.d4 cxd4 4.Nxd4 a6 5.Bd3 Nf6 6.O-O d6 7.c4 b6 8.Nc3 Be7
9.Qe2 Qc7 10.Bd2 Nbd7 11.f4 Qc5 12.Kh1 Bb7 13.Nf3 O-O 14.Rae1 Rad8 15.e5 Ng4
16.Ne4 Bxe4 17.Qxe4 g6 18.Qe2 dxe5 19.b4 Qd6 20.h3 e4 21.Bxe4 Ngf6 22.Kh2 Nxe4
23.Qxe4 Nf6 24.Qe5 Rc8 25.Qe2 Rfd8 26.Rc1 Qd3 27.Rfe1 Rd7 28.g3 Qxe2+ 29.Rxe2 Rdc7
30.Ne5 Nd7 31.Nxd7 Rxd7 32.Be1 Rdc7 33.Rec2 h5 34.Kg2 g5 35.Kf3 Kg7 36.Bd2 Kg6
37.a3 Rc6 38.Be3 gxf4 39.gxf4 Kf5 40.c5 bxc5 41.bxc5 Rb8 42.Rc4 Rb3 43.R1c3 Rxc3
44.Rxc3 e5 45.Rc4 f6 46.Ke2 Ke6  1/2-1/2

[Event "TCh-HUN 2011-12"]
[Site "Budapest HUN"]
[Date "2012.05.06"]
[Round "10"]
[White "Torok,S"]
[Black "Izsak,Gyu"]
[Result "0-1"]
[WhiteElo "2319"]
[BlackElo "2474"]

1.e4 c5 2.Nf3 e6 3.d4 cxd4 4.Nxd4 a6 5.Bd3 Nf6 6.O-O Qc7 7.Be3 d5 8.exd5 Nxd5
9.Nc3 Nxc3 10.bxc3 g6 11.Qd2 Bg7 12.Bh6 O-O 13.Rfe1 e5 14.Nf3 f6 15.Rab1 Be6
16.Be4 Nc6 17.a4 Rad8 18.Qe3 Na5 19.Bxg7 Kxg7 20.h3 Rf7 21.g4 Re7 22.Bd3 Bd5
23.g5 Bxf3 24.gxf6+ Kxf6 25.Qxf3+ Kg7 26.Be4 Rf8 27.Qg2 Rf4 28.Re3 Qd7 29.Rb4 Ref7
30.Rd3 Qc7 31.Bd5 Re7 32.Re3 Rf6 33.Rbe4 Qd6 34.c4 b5 35.axb5 axb5 36.f4 Rxf4
37.Rxf4 exf4 38.Rxe7+ Qxe7 39.cxb5 Qc5+  0-1

[Event "TCh-HUN 2011-12"]
[Site "Mako HUN"]
[Date "2012.05.06"]
[Round "10"]
[White "Csirik,A"]
[Black "Eltigani,O"]
[Result "0-1"]
[WhiteElo "2304"]
[BlackElo "2310"]

1.e4 c5 2.Nf3 e6 3.d4 cxd4 4.Nxd4 a6 5.Bd3 Nf6 6.O-O Qc7 7.Qe2 d6 8.c4 Nc6
9.Nxc6 bxc6 10.Nc3 Be7 11.f4 Nd7 12.Be3 e5 13.f5 Bb7 14.b4 d5 15.cxd5 Bxb4
16.Rfc1 Qa5 17.Qb2 cxd5 18.Nxd5 Bxd5 19.exd5 O-O 20.Qe2 Nf6 21.Bg5 Nxd5 22.f6 g6
23.Rc6 Nc3 24.Qg4 e4 25.Bc4 Qe5 26.Rc1 e3 27.Qh4 e2 28.Qh6 Qd4+ 29.Be3 Qd1+
30.Rxd1 exd1=Q+  0-1

[Event "FSIM May 2012"]
[Site "Budapest HUN"]
[Date "2012.05.07"]
[Round "3"]
[White "Farago,S"]
[Black "Galyas,M"]
[Result "0-1"]
[WhiteElo "2270"]
[BlackElo "2403"]

1.e4 c5 2.Nf3 e6 3.d4 cxd4 4.Nxd4 a6 5.Bd3 Bc5 6.Nb3 Be7 7.c4 d6 8.Nc3 Nd7
9.O-O Ngf6 10.f4 b6 11.Qe2 Bb7 12.Rf3 Qc7 13.Bd2 O-O 14.Rh3 g6 15.Re1 Ne8
16.e5 Ng7 17.Kh1 Rad8 18.Be4 Bc8 19.Bf3 f5 20.Nd4 Nc5 21.Nc6 dxe5 22.fxe5 g5
23.Nxd8 Qxd8 24.Rh6 g4 25.Bd5 exd5 26.cxd5 f4 27.b4 f3 28.gxf3 gxf3 29.Qc4 b5
30.Qd4 f2 31.Rf1 Nce6 32.Qe4 Nf5 33.Rh5 Neg7 34.Rh3 Bh4 35.Rd3 Qe8 36.e6 Bb7
37.e7 Qxe7 38.Qg2 Qxb4 39.Bg5 Qc4 40.Bxh4 Qxd3 41.Rxf2 Qxc3  0-1

[Event "14th Salou Open"]
[Site "Salou ESP"]
[Date "2012.05.10"]
[Round "8.3"]
[White "Aroshidze,L"]
[Black "Asis Gargatagli,H"]
[Result "1/2-1/2"]
[WhiteElo "2582"]
[BlackElo "2473"]

1.e4 c5 2.Nf3 e6 3.d4 cxd4 4.Nxd4 a6 5.Bd3 Bc5 6.Nb3 Be7 7.Be3 d6 8.f4 Nf6
9.Qf3 b5 10.g4 Bb7 11.Nc3 Qc7 12.g5 Nfd7 13.O-O-O Nc6 14.Qf2 Nb4 15.a3 Nxd3+
16.Rxd3 O-O 17.Rhd1 Rfe8 18.Kb1 Bc6 19.Qh4 a5 20.Bd2 g6 21.f5 b4 22.Rh3 h5
23.Ne2 exf5 24.exf5 Bf8 25.Nbd4 Re4 26.Qf2 Ne5 27.axb4 axb4 28.Bxb4 Ng4 29.Qg1 Qb6
30.Nxc6 Qxc6 31.Nd4 Qc4 32.Ba3 d5 33.Rc3 Qa6 34.fxg6 fxg6 35.Kc1 Ne5 36.Bxf8 Rxf8
37.Ra3 Qc8 38.Re3 Qa6 39.Ra3 Qc8 40.Re3 Qa6  1/2-1/2

[Event "FSIM May 2012"]
[Site "Budapest HUN"]
[Date "2012.05.14"]
[Round "10"]
[White "Dolgener,T"]
[Black "Galyas,M"]
[Result "0-1"]
[WhiteElo "2215"]
[BlackElo "2403"]

1.e4 c5 2.Nf3 e6 3.d4 cxd4 4.Nxd4 a6 5.Bd3 Bc5 6.Nb3 Be7 7.O-O d6 8.c4 Nf6
9.Nc3 Nbd7 10.f4 b6 11.Qe2 Bb7 12.Bd2 Qc7 13.Rae1 Rd8 14.Kh1 O-O 15.Rf3 g6
16.Rh3 Ne8 17.e5 Ng7 18.Qe3 f5 19.exf6 Nxf6 20.Nd4 e5 21.Nf3 Bc6 22.fxe5 dxe5
23.Nxe5 Bc5 24.Qh6 Bf2 25.c5 Rxd3 26.Nxd3 Bxe1 27.cxb6 Qxb6  0-1

[Event "FSIM May 2012"]
[Site "Budapest HUN"]
[Date "2012.05.14"]
[Round "10"]
[White "Gledura,B"]
[Black "Tesik,C"]
[Result "1-0"]
[WhiteElo "2312"]
[BlackElo "2339"]

1.e4 c5 2.Nf3 e6 3.d4 cxd4 4.Nxd4 a6 5.Bd3 Bc5 6.Nb3 Be7 7.Be3 Nf6 8.N1d2 Nc6
9.f4 O-O 10.Qe2 e5 11.O-O-O b5 12.Nf3 d6 13.a3 Qc7 14.Kb1 Bb7 15.Rhg1 b4
16.a4 Na5 17.Nfd2 exf4 18.Bxf4 Nc6 19.g4 Nd7 20.Nc4 Nde5 21.Ne3 Na5 22.Nd4 Ng6
23.Bg3 Bf6 24.Nef5 Be5 25.Be1 Nf4 26.Qe3 Nc6 27.Bg3 Nxd3 28.cxd3 Nxd4 29.Nxd4 Qc5
30.Bxe5 Qxe5 31.Rdf1 g6 32.Nf3 Qg7 33.Qf4 Bc6 34.Qxd6 Bxa4 35.d4 Rac8 36.Rc1 Qh6
37.Qxb4 Qe3 38.Nd2 Qd3+ 39.Ka1 Bb5 40.Rxc8 Rxc8 41.Rg3 Qe2 42.Rc3 Rd8 43.Rc1 Qxg4
44.Qc3 Qf4 45.h3 Bd7 46.Rf1 Qh2 47.d5 Bxh3 48.Qf6 Rf8 49.Rf2 Qc7 50.Qc3 Qb6
51.Rf6 Qg1+ 52.Ka2 Bg4 53.e5 Qg2 54.Qd4 Rd8 55.Ne4 Bf3 56.e6 fxe6 57.Qb6 Re8
58.Qc7 Rf8 59.Rxf8+ Kxf8 60.dxe6  1-0

[Event "21st CRO-Cup"]
[Site "Sibenik CRO"]
[Date "2012.05.16"]
[Round "1.72"]
[White "Dulic,G"]
[Black "Vukelic,T"]
[Result "1/2-1/2"]
[WhiteElo "2272"]
[BlackElo "2215"]

1.e4 c5 2.Nf3 e6 3.d4 cxd4 4.Nxd4 a6 5.Bd3 Qb6 6.Nb3 Qc7 7.O-O Nf6 8.Qe2 d6
9.f4 Nc6 10.N1d2 Nb4 11.Nf3 Nxd3 12.cxd3 Be7 13.Be3 O-O 14.Rfc1 Qd7 15.Rc2 Qe8
16.Rac1 Bd7 17.Na5 b5 18.Nd4 Bd8 19.Nb7 Qe7 20.Nxd8 Rfxd8 21.Nc6 Bxc6 22.Rxc6 h6
23.Bb6 Rd7 24.Rc8+ Rxc8 25.Rxc8+ Kh7 26.Ra8 e5 27.f5 d5 28.Qc2 Qb4 29.Bf2 Re7
30.a3 Qa4 31.Qxa4 bxa4 32.Bh4 dxe4 33.dxe4 Rb7 34.Bxf6 gxf6 35.Rxa6 Kg7 36.Rxa4 Rxb2
37.h3 Ra2 38.Kh2 h5 39.Kg3 h4+ 40.Kf3 Kh6 41.g3 hxg3 42.Kxg3 Re2 43.h4 Kh5
44.Kf3 Ra2 45.Kg3 Re2 46.Kf3 Ra2 47.Ra8 Kxh4 48.Rh8+ Kg5 49.Rg8+ Kh4 50.Rh8+ Kg5
51.Rg8+ Kh4  1/2-1/2

[Event "Open Hradec Kralove 2012"]
[Site "Hradec Kralove CZE"]
[Date "2012.05.18"]
[Round "8"]
[White "Gorbatov,A"]
[Black "Vorobyov,Y"]
[Result "1-0"]
[WhiteElo "2363"]
[BlackElo "2241"]

1.e4 c5 2.Nf3 e6 3.d4 cxd4 4.Nxd4 a6 5.Bd3 Nf6 6.O-O d6 7.c4 Nbd7 8.Nc3 Qc7
9.b3 g6 10.Ba3 Nc5 11.Bc2 Bg7 12.Ndb5 axb5 13.Nxb5 Qc6 14.Qxd6 Qxd6 15.Nxd6+ Kd7
16.Bxc5 Kc6 17.Bb4 Rf8 18.e5 Nd7 19.Be4+ Kc7 20.Nb5+ Kb6 21.Bxf8 Bxf8 22.f4 Nc5
23.Bc2 Bd7 24.a4 Bc6 25.b4  1-0

[Event "ch-CZE 2012"]
[Site "Kouty nad Desnou CZE"]
[Date "2012.05.18"]
[Round "7"]
[White "Vavra,P1"]
[Black "Voloshin,L"]
[Result "1-0"]
[WhiteElo "2368"]
[BlackElo "2434"]

1.e4 c5 2.Nf3 e6 3.d4 cxd4 4.Nxd4 a6 5.Bd3 Bc5 6.Nb3 Ba7 7.c4 d6 8.Nc3 Nc6
9.Qe2 e5 10.Be3 Nge7 11.Bxa7 Rxa7 12.O-O O-O 13.Rfd1 Ng6 14.Qe3 Nf4 15.Bf1 Ne6
16.Rd2 b6 17.Rad1 Rd7 18.g3 Ned4 19.Ne2 Nxe2+ 20.Bxe2 Ne7 21.f4 exf4 22.gxf4 Qc7
23.f5 f6 24.Qg3 Rfd8 25.Nd4 Qc5 26.b4 Qe5 27.Ne6 Qxg3+ 28.hxg3 Re8 29.Rxd6 Rxd6
30.Rxd6 Bb7 31.Nc7 Rc8 32.Rd7 Nc6 33.Ne6 Rb8 34.Rxg7+ Kh8 35.Rf7 Nxb4 36.a3 Nc2
37.Bd3 Ne1 38.Bb1 Nf3+ 39.Kf2 Nd2 40.Bd3 Nxe4+ 41.Bxe4 Bxe4 42.Rxf6 Bd3 43.Ke3 Bxc4
44.Kd4 b5 45.g4 a5 46.Rf7 Bxe6 47.fxe6 b4 48.axb4 axb4 49.Kd5 b3 50.e7 Kg8
51.Rf3 b2 52.Rf1 Kg7  1-0

[Event "21st CRO-Cup"]
[Site "Sibenik CRO"]
[Date "2012.05.18"]
[Round "4.101"]
[White "Dutina,D"]
[Black "Milosavljevic,J"]
[Result "1-0"]
[WhiteElo "2311"]
[BlackElo "2096"]

1.e4 c5 2.Nf3 e6 3.d4 cxd4 4.Nxd4 a6 5.Bd3 b5 6.a4 Qb6 7.Nb3 b4 8.N1d2 Nc6
9.Nc4 Qc7 10.Be3 Rb8 11.a5 d6 12.Nb6 Bb7 13.Qe2 Nf6 14.f4 Be7 15.O-O O-O
16.Nd2 e5 17.f5 Nd4 18.Bxd4 exd4 19.Kh1 Rfe8 20.Qf2 d5 21.exd5 Bd6 22.Qh4 h6
23.Ndc4 Rbd8 24.Nxd6 Qxd6 25.Qxd4 Nxd5 26.Nxd5 Bxd5 27.Qb6 Qe5 28.Qxb4 Qf6
29.Qg4 Bc6 30.h3 Re3 31.Rae1 Rde8 32.Rxe3 Rxe3 33.Kh2 Bb7 34.b4 h5 35.Qf4 Re8
36.Rf2 h4 37.Re2 Rd8 38.Be4 Re8 39.Bf3 Rxe2 40.Bxe2 Kh7 41.b5 axb5 42.Bxb5 Qd8
43.a6 Bxg2 44.Kxg2 Qd5+ 45.Qf3  1-0

[Event "Asian Nations Chess Cup"]
[Site "Zaozhuang CHN"]
[Date "2012.05.18"]
[Round "2.3"]
[White "Ismagambetov,An"]
[Black "Ding Liren"]
[Result "0-1"]
[WhiteElo "2478"]
[BlackElo "2679"]

1.e4 c5 2.Nf3 e6 3.d4 cxd4 4.Nxd4 a6 5.Bd3 Nf6 6.O-O Qc7 7.Qe2 d6 8.c4 g6
9.Nc3 Bg7 10.Be3 O-O 11.Rac1 Nbd7 12.f3 Ne5 13.Rfd1 b6 14.Bb1 Bb7 15.Na4 Rab8
16.b4 Ned7 17.Qf2 Ba8 18.Bd3 Rfc8 19.Bf1 Bf8 20.Nb2 Qd8 21.Nb3 Qc7 22.Nd3 Bc6
23.Kh1 Qd8 24.Qh4 Ne8 25.Bg5 Qc7 26.Bf4 Ba4 27.Nb2 Bxb3 28.axb3 a5 29.Nd3 Ne5
30.c5 bxc5 31.bxc5 Nxd3 32.Bxd3 Qa7 33.Bc4 Rc6 34.Qg3 Qc7 35.cxd6 Bxd6 36.Bxd6 Nxd6
37.Ra1 Nxc4 38.Qxc7 Rxc7 39.bxc4 Rc5 40.h3 Rb2 41.Rd8+ Kg7 42.Ra8 Rg5 43.g4 Rf2
44.Ra3 Rc5 45.Kg1 Rb2 46.Ra4 Rc7 47.R8xa5 Rd7 48.Ra1 Rdd2 49.c5 Rg2+ 50.Kh1 Rh2+
51.Kg1 Rbg2+ 52.Kf1 Rc2 53.Kg1 Rxh3 54.R5a3 Rg3+ 55.Kh1 Kf6 56.c6 Kg5 57.e5 Kh4
58.R1a2 Rxc6 59.Rh2+ Rh3 60.Ra2 Rc3 61.Rf2 Re3 62.Kg2 Rxh2+ 63.Kxh2 Rxe5
64.Ra2 h5 65.gxh5 Kxh5 66.Kg3 g5 67.Ra8 Kg6 68.Rg8+ Kf5 69.Ra8 Re3 70.Ra4 e5
71.Kf2 Rd3 72.Kg3 f6  0-1

[Event "Serbia Cup Final 2012"]
[Site "Kragujevac SRB"]
[Date "2012.05.19"]
[Round "6"]
[White "Popovic,ZoranM"]
[Black "Cvetanovic,U"]
[Result "1-0"]
[WhiteElo "2131"]
[BlackElo "2211"]

1.e4 c5 2.Nf3 e6 3.d4 cxd4 4.Nxd4 a6 5.Bd3 Qc7 6.O-O Nf6 7.Be3 d5 8.Nc3 b5
9.exd5 b4 10.Ne4 Nxd5 11.Qh5 g6 12.Qh4 Bg7 13.c4 bxc3 14.bxc3 e5 15.Bc4 Nxe3
16.fxe3 O-O 17.Ng5 h5 18.Bxf7+ Rxf7 19.Rxf7 Qb6 20.Nc2 Qc6 21.Rd1 Nd7 22.Nb4 Qxc3
23.Nd5 Qc2 24.Rxg7+ Kxg7 25.Ne6+ Kf7  1-0

[Event "ch-USA w 2012"]
[Site "Saint Louis USA"]
[Date "2012.05.19"]
[Round "9"]
[White "Kats,A"]
[Black "Goletiani,R"]
[Result "0-1"]
[WhiteElo "2137"]
[BlackElo "2333"]

1.e4 c5 2.Nf3 e6 3.d4 cxd4 4.Nxd4 a6 5.Bd3 Qb6 6.Nb3 Qc7 7.Nc3 Nf6 8.O-O d6
9.a4 b6 10.Qe2 Be7 11.f4 Nbd7 12.Bd2 O-O 13.Rae1 e5 14.f5 Bb7 15.g4 d5 16.g5 Nxe4
17.Bxe4 dxe4 18.Be3 Bb4 19.f6 Rac8 20.Rd1 Bxc3 21.bxc3 Kh8 22.fxg7+ Kxg7
23.Qh5 Rcd8 24.Qh3 Bc8 25.g6 fxg6 26.Bh6+ Kh8 27.Bxf8 Nxf8 28.Qh4 Rxd1 29.Rxd1 Kg7
30.Re1 Bf5 31.Re3 Ne6 32.Nd2 Qc5 33.Qf2 Nf4 34.Kf1 Nd5 35.Rxe4 Qxf2+ 36.Kxf2 Bxe4
37.Nxe4 Nf6 38.Ng5 Nd7 39.Ne6+ Kf6 40.Nc7 a5 41.Ke3 Kf5 42.Nd5 g5 43.h3 h5
44.c4 g4 45.hxg4+ Kxg4 46.Kf2 Kf5 47.Kf3 Ke6 48.Ke3 Kd6 49.Kd2 h4 50.Ne3 Kc5
51.Kc3 Nf6 52.Nf5 h3 53.Ng3 h2 54.Nh1 Ne4+ 55.Kd3 Nd6  0-1

[Event "6th Wunsiedel Open"]
[Site "Wunsiedel GER"]
[Date "2012.05.19"]
[Round "5"]
[White "Howell,D"]
[Black "Miezis,N"]
[Result "1-0"]
[WhiteElo "2607"]
[BlackElo "2577"]

1.e4 c5 2.Nf3 e6 3.d4 cxd4 4.Nxd4 a6 5.Bd3 Nc6 6.Nxc6 dxc6 7.O-O e5 8.Nd2 b5
9.a4 Be6 10.Nf3 f6 11.Qe2 Ne7 12.Be3 Ng6 13.axb5 axb5 14.c4 b4 15.c5 Rb8
16.Ra7 Be7 17.Bc4 Bxc4 18.Qxc4 Ra8 19.Rxa8 Qxa8 20.Nd2 Nf8 21.h3 Qc8 22.Ra1 Ne6
23.Ra7 Nc7 24.Nb3 Qb8 25.Ra5 Qb7 26.f4 Rf8 27.Nd2 Rf7 28.fxe5 fxe5 29.Qb3 Kf8
30.Nc4 Rf6 31.Nxe5 Re6 32.Bf4 g5 33.Bg3 Kg7 34.Qf3 Rf6 35.Qg4 Ne6 36.Nf3 Kg8
37.Kh1 Qd7 38.Ra8+ Rf8 39.Ne5  1-0

[Event "TCh-HUN 2011-12"]
[Site "Decs HUN"]
[Date "2012.05.20"]
[Round "11"]
[White "Szitas,G"]
[Black "Papp,T1"]
[Result "1/2-1/2"]
[WhiteElo "2192"]
[BlackElo "2291"]

1.e4 c5 2.Nf3 e6 3.d4 cxd4 4.Nxd4 a6 5.Bd3 Qc7 6.O-O Nf6 7.Nb3 d6 8.c4 g6
9.Nc3 Nbd7 10.f4 Bg7 11.Be3 O-O 12.Rc1 b6 13.Nd2 Bb7 14.Qe2 Rac8 15.h3 Qb8
16.Qf2 Nc5 17.Bb1 Qa8 18.e5 Ne8 19.b4 Nd7 20.exd6 Nxd6 21.c5 bxc5 22.bxc5 Nb5
23.Nxb5 axb5 24.Nf3 Bd5 25.Bd4 Bxd4 26.Qxd4 Rfd8 27.Qf2 Qa3 28.Ne5 Nxc5 29.Qh4 Qa7
30.Kh2 f5 31.Rc2 Be4 32.Nc6 Bxc6 33.Rfc1 Nd3 34.Rd1 Rd7 35.Rc3 Nb4 36.Qf6 Re7
37.Rg3 Rf8 38.Qc3 Rc7 39.Qxb4 Qb7 40.Rc1 Bd5 41.Rxc7 Qxc7 42.Bd3 Ra8 43.Bxb5 Rxa2
44.Qd4 Qb7 45.Bf1 Qa7 46.Qf6 Qg7 47.Qd8+ Qf8 48.Qc7 Qa8 49.Bc4 Ra7  1/2-1/2

[Event "21st CRO-Cup"]
[Site "Sibenik CRO"]
[Date "2012.05.20"]
[Round "6.54"]
[White "Plenca,J"]
[Black "Brenc,T"]
[Result "1-0"]
[WhiteElo "2326"]
[BlackElo "2045"]

1.e4 c5 2.Nf3 e6 3.d4 cxd4 4.Nxd4 a6 5.Bd3 Qc7 6.O-O Nf6 7.Nc3 Bd6 8.Kh1 h5
9.f4 Bc5 10.Nb3 Ng4 11.Nxc5 Qxc5 12.Qe1 d6 13.e5 d5 14.b4 Qxb4 15.Rb1 Qa5
16.f5 Nc6 17.fxe6 Bxe6 18.Rxb7 Ncxe5 19.h3 Rc8 20.Ne4 Qd8 21.Bg5 f6 22.Nxf6+ gxf6
23.Bg6+ Kf8 24.Bxf6 Nxf6 25.Qxe5  1-0

[Event "6th ENCI Limburg Open 2012"]
[Site "Limburg NED"]
[Date "2012.05.25"]
[Round "1.2"]
[White "Klein,Fe"]
[Black "Gajewski,G"]
[Result "0-1"]
[WhiteElo "2286"]
[BlackElo "2622"]

1.e4 c5 2.Nf3 e6 3.d4 cxd4 4.Nxd4 a6 5.Bd3 Bc5 6.Nb3 Be7 7.Qg4 g6 8.Qe2 d6
9.O-O Nc6 10.a4 Ne5 11.a5 Nf6 12.Be3 O-O 13.Nc3 Bd7 14.f4 Nxd3 15.cxd3 Bc6
16.Nd2 Rc8 17.Nc4 d5 18.Bb6 Qe8 19.Ne5 dxe4 20.dxe4 Bb5 21.Nxb5 Qxb5 22.Rf2 Bc5
23.Bxc5 Qxc5 24.Rd1 Rfd8 25.Rxd8+ Rxd8 26.g3 Qxa5 27.Nc4 Qc5 28.e5 Ng4 29.Qxg4 Qxc4
30.Qf3 b5 31.Kg2 b4 32.Kh3 Rd3 33.Qa8+ Kg7 34.Qa7 b3 35.Qe7 Qd4 36.Kg2 a5
37.Re2 Qd5+ 38.Kh3 Qf3 39.Re1 Qxf4 40.Rd1 Qf5+  0-1

[Event "6th ENCI Limburg Open 2012"]
[Site "Limburg NED"]
[Date "2012.05.25"]
[Round "1.3"]
[White "Fier,A"]
[Black "Voicu,C"]
[Result "1-0"]
[WhiteElo "2596"]
[BlackElo "2278"]

1.e4 c5 2.Nf3 e6 3.d4 cxd4 4.Nxd4 a6 5.Bd3 Qc7 6.O-O Nf6 7.Qe2 d6 8.c4 Nbd7
9.Nc3 g6 10.Nf3 Bg7 11.Bf4 Nh5 12.Be3 O-O 13.Rac1 b6 14.Rfd1 Bb7 15.Bb1 Rfd8
16.Qd2 Bf8 17.Bg5 Re8 18.Bh6 Be7 19.Ne2 Nc5 20.Ng3 Nxg3 21.hxg3 Rad8 22.b4 Nd7
23.Bf4 e5 24.Bh6 Nf6 25.Qe2 Bc6 26.Nd2 Qb7 27.f3 a5 28.a3 axb4 29.axb4 Ra8
30.Bc2 Ra3 31.Nb1 Ra1 32.Nc3 Ra3 33.Qd2 Rc8 34.Rb1 Nh5 35.Kh2 Qa8 36.Bb3 Ng7
37.Be3 Rb8 38.b5 Bb7 39.Bxb6 Ne6 40.Qf2 Rc8 41.Qc2 h5 42.Bf2 Kg7 43.Na4 Rh8
44.Kg1 h4 45.gxh4 Bxh4 46.g3 Be7 47.c5 Rxb3 48.Qxb3 Bxe4 49.c6 Bxb1 50.Rxb1 Ng5
51.Nb6 Qg8 52.Kf1 Rh2 53.c7 Qh7 54.c8=Q Rxf2+ 55.Kxf2 Qh2+ 56.Ke3 Ne6 57.Kd3 Qxg3
58.Kc3 Qxf3+ 59.Kb4 Qf4+ 60.Ka5 Nd4 61.Qbh3 Qd2+ 62.Ka6 Bf8 63.Qh8+  1-0

[Event "Orlova Open 2012"]
[Site "Orlova CZE"]
[Date "2012.05.25"]
[Round "5.6"]
[White "Velicka,P"]
[Black "Szotkowski,J"]
[Result "1-0"]
[WhiteElo "2470"]
[BlackElo "2063"]

1.e4 c5 2.Nf3 e6 3.d4 cxd4 4.Nxd4 a6 5.Bd3 Nf6 6.O-O Qc7 7.Qe2 d6 8.c4 Nbd7
9.b3 g6 10.Bb2 Bg7 11.Nd2 O-O 12.Rae1 b6 13.f4 h5 14.e5 dxe5 15.fxe5 Ng4
16.Bxg6 Bxe5 17.N2f3 Bxh2+ 18.Kh1 Ndf6 19.Be4 Nxe4 20.Qxe4 Bb7 21.Qc2 Bf4
22.Nxe6 Qd6 23.Qf5  1-0

[Event "ch-UZB Major w 2012"]
[Site "Tashkent UZB"]
[Date "2012.05.25"]
[Round "9"]
[White "Verbova,Elena"]
[Black "Kurbonboeva,Sarvinoz"]
[Result "1-0"]
[WhiteElo "1973"]
[BlackElo "2199"]

1.e4 c5 2.Nf3 a6 3.d4 cxd4 4.Nxd4 e6 5.Bd3 Nc6 6.Nxc6 bxc6 7.c4 Nf6 8.Nc3 d6
9.Be3 Be7 10.O-O e5 11.f3 O-O 12.Qe2 Be6 13.Rfd1 Qc7 14.Rac1 Qb7 15.b3 Rfd8
16.Bf2 Nh5 17.g3 Nf6 18.Na4 Nd7 19.c5 dxc5 20.Kg2 a5 21.Rd2 Bg5 22.Be3 Bxe3
23.Qxe3 Qb4 24.Rcd1 c4 25.Bxc4 Bxc4 26.Rxd7 Rxd7 27.Rxd7 Be6 28.Rd2 f6 29.Nc5 Bf7
30.Na4 Rc8 31.Nb6 Rb8 32.Nd7 Rc8 33.Nc5 Qb6 34.Qc3 Rd8 35.Rxd8+ Qxd8 36.Qd3 Qe7
37.Qc3 Qd8 38.Qd3 Qe7 39.Na4 Be6 40.Qd2 Qa3 41.g4 Kf7 42.Qc2 Qd6 43.Nc5 g6
44.Qc3 Qc7 45.Nd3 h5 46.g5 Qd6 47.gxf6 Kxf6 48.f4 Ke7 49.Nxe5 Qd1 50.Nxc6+ Kf7
51.Ne5+ Ke8 52.Qd3 Qc1 53.Nxg6 Qb2+ 54.Kg3 Qxa2 55.Qb5+ Kf7 56.Ne5+ Kf6 57.Nf3 Bg4
58.Qe5+ Kf7 59.Ng5+ Kf8 60.Qf6+ Ke8 61.Qc6+ Ke7 62.Qc5+ Ke8 63.Qe5+ Kd7 64.Qd5+ Kc8
65.f5 Qa1 66.Ne6 Qg1+ 67.Kf4 Qxh2+ 68.Kg5 Qg3 69.Qa8+ Kd7 70.Qb7+ Ke8 71.Qc8+ Ke7
72.Qd8+  1-0